100 câu chuyện giúp trẻ giao tiếp ứng xử trong cuộc sống

Nội dung sách gồm nhiều mẫu chuyện hay mà qua đó, có thể như một cẩm nang giúp bạn trao truyền những kỹ năng cần thiết cho con cháu mình, còn đối với bạn đọc trẻ có thêm những kiến thức trong giao tiếp, ứng xử để hoàn thiện bản thân....

全面介绍

Đã lưu trong:
书目详细资料
格式: 图书
语言:Undetermined
出版: Hà Nội Thanh niên 2010
主题:
标签: 添加标签
没有标签, 成为第一个标记此记录!
Thư viện lưu trữ: Trung tâm Học liệu Trường Đại học Cần Thơ
LEADER 00958nam a2200193Ia 4500
001 CTU_160932
008 210402s9999 xx 000 0 und d
020 |c 48000 
082 |a 155.4 
082 |b M458 
245 0 |a 100 câu chuyện giúp trẻ giao tiếp ứng xử trong cuộc sống 
245 0 |c Nguyễn Hải Yến biên soạn 
260 |a Hà Nội 
260 |b Thanh niên 
260 |c 2010 
520 |a Nội dung sách gồm nhiều mẫu chuyện hay mà qua đó, có thể như một cẩm nang giúp bạn trao truyền những kỹ năng cần thiết cho con cháu mình, còn đối với bạn đọc trẻ có thêm những kiến thức trong giao tiếp, ứng xử để hoàn thiện bản thân. 
650 |a Child psychology,Tâm lý tuổi thơ 
904 |i Thảo, Hải 
980 |a Trung tâm Học liệu Trường Đại học Cần Thơ